TLC, libre comercio y derechos humanos: del humanismo liberal al anti humanismo globalizado /

Guardado en:
Bibliografiske detaljer
Hovedforfatter: Mora Jiménez, Henry
Format: Texto
Fag:
Tags: Tilføj Tag
Ingen Tags, Vær først til at tagge denne postø!

MARC

LEADER 00000 a a2200000 04500
001 11826
003
040
100 |a Mora Jiménez, Henry  
245 |a TLC, libre comercio y derechos humanos:   |b del humanismo liberal al anti humanismo globalizado /  |c Henry Mora Jiménez 
650 |a TLC  
650 |a DERECHOS HUMANOS  
650 |a LIBRE COMERCIO  
650 |a COSTA RICA  
773 |g número 120; páginas 41-43  
999 |c 23803  |d 23803